000 01309nam a22004457a 4500
001 0071279
003 KOHA_MİRAKIL
005 20260207005002.0
007 ta
008 240731b2007 tu |||gr||||#0|||0|tur |
020 _a9789756287828
040 _aTR-BiSEU
_btur
_cTR-BiSEU
_erda
041 0 _atur
044 _ctu
050 _aRM222.2
_b.D66 2007
100 1 _aDönmez, Selahattin.
245 1 _a'Fark etmeden diyet'le yeni bir hayat/
_cSelahattin Dönmez ; Selahattin Dönmez; yayına hazırlayan Aslı Uluşahin.
264 1 _aİstanbul :
_bOkuyan Us
_c2007
300 _a191 sayfa: resimli; 23 cm.
336 _ametin
_btxt
_2rdacontent
337 _aaracısız
_bn
_2rdamedia
338 _acilt
_bnc
_2rdacarrier
490 1 _aSağlık/yaşam ;
_v3
500 _aKaynakça var.
650 0 _aDiyet.
_92317
650 0 _aZayıflama.
_9140174
650 0 _aBeslenme.
_91530
650 0 _aAşçılık.
_999385
650 0 _aŞişmanlık.
_9140175
650 0 _aÇocuk Beslenmesi.
_9140176
650 0 _aDiet.
_92318
650 0 _aWeight Loss.
_9140177
650 0 _aNutrition.
_92956
650 0 _aCooking.
_9101245
650 0 _aObesity.
_94734
650 0 _aChild Nutrition.
_9140178
830 1 _aSağlık/yaşam ;
_v3
_9140179
907 _aSağlık
942 _2lcc
_cBK
999 _c72034
_d72034